[Event "Blitz 2018"]
[Site "Saint-Petersburg"]
[Date "2018.12.29"]
[Round "3"]
[Board "23"]
[White "Khusnutdinov Rustam (KAZ)"]
[Black "Le Quang Liem (VIE)"]
[Result "0-1"]
[LiveChessVersion "1.4.8"]
[BlackElo "2749"]
[WhiteElo "2582"]

1. e4 {[%clk 0:03:03]} c5 {[%clk 0:03:03]} 2. Nf3 {[%clk 0:03:04]} Nc6
{[%clk 0:03:04]} 3. Bb5 {[%clk 0:03:01]} g6 {[%clk 0:03:04]} 4. Bxc6
{[%clk 0:03:01]} dxc6 {[%clk 0:03:05]} 5. d3 {[%clk 0:03:02]} Bg7
{[%clk 0:03:05]} 6. h3 {[%clk 0:03:01]} Nf6 {[%clk 0:03:06]} 7. Nc3
{[%clk 0:03:00]} Nd7 {[%clk 0:03:06]} 8. O-O {[%clk 0:02:57]} e5 {[%clk 0:03:01]}
9. Bg5 {[%clk 0:02:58]} Qc7 {[%clk 0:02:40]} 10. a3 {[%clk 0:02:55]} a5
{[%clk 0:02:26]} 11. Qd2 {[%clk 0:02:19]} O-O {[%clk 0:02:04]} 12. Bh6
{[%clk 0:02:19]} Rd8 {[%clk 0:01:56]} 13. Nh2 {[%clk 0:02:09]} Bh8
{[%clk 0:01:43]} 14. f4 {[%clk 0:02:04]} exf4 {[%clk 0:01:36]} 15. Bxf4
{[%clk 0:02:01]} Ne5 {[%clk 0:01:37]} 16. Qf2 {[%clk 0:01:53]} Qe7
{[%clk 0:01:27]} 17. Rad1 {[%clk 0:01:34]} Be6 {[%clk 0:01:26]} 18. Qg3
{[%clk 0:01:33]} f6 {[%clk 0:01:10]} 19. Kh1 {[%clk 0:01:30]} b5 {[%clk 0:00:53]}
20. Ne2 {[%clk 0:01:10]} b4 {[%clk 0:00:43]} 21. axb4 {[%clk 0:00:52]} cxb4
{[%clk 0:00:42]} 22. b3 {[%clk 0:00:51]} c5 {[%clk 0:00:41]} 23. Ra1
{[%clk 0:00:45]} Nf7 {[%clk 0:00:33]} 24. Ra2 {[%clk 0:00:41]} f5
{[%clk 0:00:29]} 25. exf5 {[%clk 0:00:34]} Bxf5 {[%clk 0:00:29]} 26. Ng1
{[%clk 0:00:34]} Re8 {[%clk 0:00:21]} 27. Ngf3 {[%clk 0:00:33]} Bg7
{[%clk 0:00:17]} 28. Ng4 {[%clk 0:00:13]} Qd7 {[%clk 0:00:15]} 29. Ne3
{[%clk 0:00:14]} Be6 {[%clk 0:00:14]} 30. Nd2 {[%clk 0:00:11]} Nh6
{[%clk 0:00:05]} 31. Ndc4 {[%clk 0:00:09]} Ra6 {[%clk 0:00:05]} 32. Be5
{[%clk 0:00:09]} Bxc4 {[%clk 0:00:05]} 33. Bxg7 {[%clk 0:00:06]} Qxg7
{[%clk 0:00:06]} 34. Nxc4 {[%clk 0:00:07]} Nf5 {[%clk 0:00:07]} 35. Qf2
{[%clk 0:00:08]} Qc7 {[%clk 0:00:08]} 36. Raa1 {[%clk 0:00:09]} Ng3+
{[%clk 0:00:09]} 37. Kg1 {[%clk 0:00:10]} Ne2+ {[%clk 0:00:09]} 38. Kh1
{[%clk 0:00:12]} Ng3+ {[%clk 0:00:11]} 39. Kg1 {[%clk 0:00:13]} Nxf1
{[%clk 0:00:11]} 40. Rxf1 {[%clk 0:00:14]} Rae6 {[%clk 0:00:12]} 41. Kh1
{[%clk 0:00:10]} Re2 {[%clk 0:00:12]} 42. Qf6 {[%clk 0:00:09]} Re1
{[%clk 0:00:12]} 43. Kg1 {[%clk 0:00:07]} Rxf1+ {[%clk 0:00:12]} 44. Qxf1
{[%clk 0:00:07]} Qg3 {[%clk 0:00:13]} 0-1

[Event "Blitz 2018"]
[Site "Saint-Petersburg"]
[Date "2018.12.29"]
[Round "3"]
[Board "24"]
[White "Demchenko Anton (RUS)"]
[Black "Dubov Daniil (RUS)"]
[Result "1-0"]
[LiveChessVersion "1.4.8"]
[BlackElo "2743"]
[WhiteElo "2572"]

1. e4 {[%clk 0:03:03]} c5 {[%clk 0:03:03]} 2. Nc3 {[%clk 0:03:04]} g6
{[%clk 0:03:03]} 3. d4 {[%clk 0:03:05]} cxd4 {[%clk 0:03:04]} 4. Qxd4
{[%clk 0:03:06]} Nf6 {[%clk 0:03:05]} 5. Be3 {[%clk 0:03:03]} Nc6
{[%clk 0:03:05]} 6. Qd2 {[%clk 0:03:04]} Bg7 {[%clk 0:02:59]} 7. f3
{[%clk 0:03:05]} d6 {[%clk 0:02:51]} 8. O-O-O {[%clk 0:03:05]} Be6
{[%clk 0:02:52]} 9. Nge2 {[%clk 0:02:48]} Rc8 {[%clk 0:02:30]} 10. Kb1
{[%clk 0:02:30]} Ne5 {[%clk 0:02:13]} 11. Nd4 {[%clk 0:02:12]} Nc4
{[%clk 0:01:22]} 12. Bxc4 {[%clk 0:02:11]} Bxc4 {[%clk 0:01:22]} 13. Bh6
{[%clk 0:02:08]} Bxh6 {[%clk 0:01:09]} 14. Qxh6 {[%clk 0:02:09]} Qa5
{[%clk 0:01:03]} 15. g4 {[%clk 0:01:52]} b5 {[%clk 0:01:02]} 16. Nb3
{[%clk 0:01:42]} Bxb3 {[%clk 0:00:59]} 17. cxb3 {[%clk 0:01:31]} b4
{[%clk 0:00:46]} 18. Nd5 {[%clk 0:01:26]} Nxd5 {[%clk 0:00:41]} 19. exd5
{[%clk 0:01:27]} Kd7 {[%clk 0:00:42]} 20. Rhe1 {[%clk 0:01:24]} Qc5
{[%clk 0:00:25]} 21. Qg5 {[%clk 0:01:00]} Rhe8 {[%clk 0:00:17]} 22. Qf4
{[%clk 0:00:53]} f6 {[%clk 0:00:04]} 23. Qe4 {[%clk 0:00:51]} Kd8
{[%clk 0:00:04]} 24. h4 {[%clk 0:00:46]} Qb6 {[%clk 0:00:04]} 25. h5
{[%clk 0:00:45]} Rc5 {[%clk 0:00:04]} 26. hxg6 hxg6 {[%clk 0:00:05]} 27. Qxg6
{[%clk 0:00:44]} Qb5 {[%clk 0:00:05]} 28. Qe4 {[%clk 0:00:42]} a5
{[%clk 0:00:06]} 29. f4 {[%clk 0:00:43]} a4 {[%clk 0:00:06]} 30. bxa4
{[%clk 0:00:43]} Qxa4 {[%clk 0:00:07]} 31. b3 {[%clk 0:00:42]} Qa5
{[%clk 0:00:06]} 32. g5 {[%clk 0:00:43]} fxg5 {[%clk 0:00:04]} 33. fxg5
{[%clk 0:00:45]} Kc7 {[%clk 0:00:05]} 34. g6 Kb6 35. g7 {[%clk 0:00:37]} Ra8
{[%clk 0:00:04]} 36. Rd2 {[%clk 0:00:37]} Rg8 {[%clk 0:00:03]} 37. Qxe7
{[%clk 0:00:32]} Rxd5 {[%clk 0:00:04]} 38. Rc2 {[%clk 0:00:31]} Rc5
{[%clk 0:00:03]} 39. Qxd6+ {[%clk 0:00:32]} Rh8 1-0

[Event "Blitz 2018"]
[Site "Saint-Petersburg"]
[Date "2018.12.29"]
[Round "3"]
[Board "25"]
[White "Kevlishvili Robby (NED)"]
[Black "Zhigalko Sergei (BLR)"]
[Result "1/2-1/2"]
[LiveChessVersion "1.4.8"]
[BlackElo "2693"]
[WhiteElo "2530"]

1. e4 {[%clk 0:03:02]} c5 {[%clk 0:03:04]} 2. Nf3 {[%clk 0:03:03]} Nc6
{[%clk 0:03:05]} 3. d4 {[%clk 0:03:04]} cxd4 {[%clk 0:03:06]} 4. Nxd4
{[%clk 0:03:05]} Nf6 {[%clk 0:03:07]} 5. Nc3 {[%clk 0:03:06]} e5 {[%clk 0:03:08]}
6. Ndb5 {[%clk 0:03:06]} d6 {[%clk 0:03:09]} 7. Bg5 {[%clk 0:03:07]} a6
{[%clk 0:03:10]} 8. Na3 {[%clk 0:03:08]} b5 {[%clk 0:03:12]} 9. Nd5
{[%clk 0:03:08]} Be7 {[%clk 0:03:13]} 10. Bxf6 {[%clk 0:03:08]} Bxf6
{[%clk 0:03:13]} 11. c4 {[%clk 0:03:03]} b4 {[%clk 0:03:14]} 12. Nc2
{[%clk 0:03:05]} O-O {[%clk 0:03:15]} 13. Qf3 {[%clk 0:03:05]} Be6
{[%clk 0:02:56]} 14. Nxf6+ {[%clk 0:02:54]} Qxf6 {[%clk 0:02:55]} 15. Qxf6
{[%clk 0:02:54]} gxf6 {[%clk 0:02:55]} 16. Bd3 {[%clk 0:02:34]} a5
{[%clk 0:02:54]} 17. b3 {[%clk 0:02:33]} a4 {[%clk 0:02:53]} 18. Kd2
{[%clk 0:02:32]} Ra7 {[%clk 0:02:48]} 19. g3 {[%clk 0:02:29]} Rfa8
{[%clk 0:02:39]} 20. f4 {[%clk 0:02:24]} Kf8 {[%clk 0:02:37]} 21. f5
{[%clk 0:02:10]} Bd7 {[%clk 0:02:16]} 22. g4 {[%clk 0:02:00]} Ke7
{[%clk 0:01:52]} 23. h4 {[%clk 0:01:43]} h6 {[%clk 0:01:53]} 24. Ke3
{[%clk 0:01:32]} Kd8 {[%clk 0:01:47]} 25. Rag1 {[%clk 0:01:11]} Ke7
{[%clk 0:01:05]} 26. g5 {[%clk 0:01:12]} hxg5 {[%clk 0:01:06]} 27. hxg5
{[%clk 0:01:13]} fxg5 {[%clk 0:01:07]} 28. Rxg5 {[%clk 0:01:10]} axb3
{[%clk 0:01:07]} 29. axb3 {[%clk 0:01:12]} Ra2 {[%clk 0:01:08]} 30. Rh6
{[%clk 0:00:39]} Rf8 {[%clk 0:01:00]} 31. f6+ {[%clk 0:00:26]} Kd8
{[%clk 0:00:49]} 32. Rgh5 {[%clk 0:00:18]} Be6 {[%clk 0:00:50]} 33. Rh8
{[%clk 0:00:18]} Rxh8 {[%clk 0:00:51]} 34. Rxh8+ {[%clk 0:00:20]} Kc7
{[%clk 0:00:49]} 35. Re8 {[%clk 0:00:18]} Kd7 {[%clk 0:00:48]} 36. Rh8
{[%clk 0:00:09]} Rb2 {[%clk 0:00:49]} 37. Ra8 {[%clk 0:00:09]} Rxb3
{[%clk 0:00:50]} 38. Kd2 {[%clk 0:00:10]} Nd4 {[%clk 0:00:41]} 39. Ne3
{[%clk 0:00:09]} Ra3 {[%clk 0:00:29]} 40. Rxa3 {[%clk 0:00:05]} bxa3
{[%clk 0:00:30]} 41. Bb1 {[%clk 0:00:06]} Kc6 {[%clk 0:00:28]} 42. Kc3
{[%clk 0:00:07]} Kc5 {[%clk 0:00:29]} 43. Ba2 {[%clk 0:00:08]} Ne2+
{[%clk 0:00:17]} 44. Kd2 {[%clk 0:00:09]} Ng3 {[%clk 0:00:10]} 45. Kd3
{[%clk 0:00:10]} Nh5 {[%clk 0:00:07]} 46. Nc2 {[%clk 0:00:11]} Nxf6
{[%clk 0:00:05]} 47. Nxa3 {[%clk 0:00:12]} Nd7 {[%clk 0:00:05]} 48. Nc2
{[%clk 0:00:11]} Nb6 {[%clk 0:00:04]} 49. Ne3 {[%clk 0:00:12]} Bd7
{[%clk 0:00:05]} 50. Bb3 {[%clk 0:00:13]} Bc8 {[%clk 0:00:06]} 51. Bd1
{[%clk 0:00:14]} Ba6 {[%clk 0:00:06]} 52. Bh5 {[%clk 0:00:10]} f6
{[%clk 0:00:04]} 53. Bf7 {[%clk 0:00:12]} Na4 {[%clk 0:00:04]} 54. Bg8
{[%clk 0:00:08]} Bc8 {[%clk 0:00:04]} 55. Bf7 {[%clk 0:00:08]} Bd7
{[%clk 0:00:05]} 56. Nd5 {[%clk 0:00:08]} Nb2+ {[%clk 0:00:03]} 57. Kc3
{[%clk 0:00:10]} Na4+ {[%clk 0:00:04]} 58. Kd3 {[%clk 0:00:11]} Bc6
{[%clk 0:00:03]} 59. Nxf6 {[%clk 0:00:12]} Kb4 {[%clk 0:00:04]} 60. Be8
{[%clk 0:00:07]} Nc5+ {[%clk 0:00:04]} 61. Ke3 {[%clk 0:00:07]} Bxe8
{[%clk 0:00:03]} 62. Nxe8 {[%clk 0:00:08]} Nb7 {[%clk 0:00:04]} 63. Nc7
{[%clk 0:00:08]} Kxc4 {[%clk 0:00:04]} 64. Nd5 {[%clk 0:00:10]} Kc5
{[%clk 0:00:05]} 65. Kd3 {[%clk 0:00:10]} Nd8 {[%clk 0:00:06]} 66. Nf6
{[%clk 0:00:11]} Ne6 {[%clk 0:00:07]} 67. Kc3 {[%clk 0:00:12]} Nd4
{[%clk 0:00:08]} 68. Nd7+ {[%clk 0:00:12]} Kc6 {[%clk 0:00:09]} 69. Nf6
{[%clk 0:00:13]} Ne6 {[%clk 0:00:10]} 70. Kc4 {[%clk 0:00:14]} Nc5
{[%clk 0:00:10]} 71. Kc3 {[%clk 0:00:14]} Kb5 {[%clk 0:00:11]} 72. Kd2
{[%clk 0:00:14]} Kc4 {[%clk 0:00:12]} 73. Ke3 {[%clk 0:00:16]} Ne6
{[%clk 0:00:12]} 74. Ne8 {[%clk 0:00:16]} Kc5 {[%clk 0:00:13]} 75. Nf6
{[%clk 0:00:17]} Nc7 {[%clk 0:00:14]} 76. Nd7+ {[%clk 0:00:17]} Kc6
{[%clk 0:00:15]} 77. Nf6 {[%clk 0:00:18]} Ne6 {[%clk 0:00:16]} 78. Nd5
{[%clk 0:00:18]} Kd7 {[%clk 0:00:18]} 79. Nf6+ {[%clk 0:00:19]} Ke7
{[%clk 0:00:19]} 80. Nd5+ {[%clk 0:00:20]} Ke8 {[%clk 0:00:21]} 81. Nf6+ Kf7 82.
Nd5 {[%clk 0:00:22]} Nc5 {[%clk 0:00:23]} 83. Nc7 {[%clk 0:00:21]} Nd7
{[%clk 0:00:23]} 84. Nb5 {[%clk 0:00:20]} Ke7 {[%clk 0:00:24]} 85. Nc7
{[%clk 0:00:22]} Nf6 {[%clk 0:00:26]} 86. Nb5 {[%clk 0:00:21]} Kd7
{[%clk 0:00:27]} 87. Na3 {[%clk 0:00:22]} Kc6 {[%clk 0:00:28]} 88. Nc4
{[%clk 0:00:23]} Kc5 {[%clk 0:00:29]} 89. Nd2 {[%clk 0:00:21]} Kb4
{[%clk 0:00:30]} 90. Kd3 {[%clk 0:00:22]} Nd7 {[%clk 0:00:30]} 91. Nf3
{[%clk 0:00:21]} Nc5+ {[%clk 0:00:23]} 92. Ke3 {[%clk 0:00:22]} Ne6
{[%clk 0:00:23]} 93. Nh4 {[%clk 0:00:16]} Kc4 {[%clk 0:00:24]} 94. Nf5
{[%clk 0:00:17]} Kc5 {[%clk 0:00:25]} 95. Kd3 {[%clk 0:00:17]} Nd4
{[%clk 0:00:20]} 96. Ne7 {[%clk 0:00:17]} Nc6 {[%clk 0:00:21]} 97. Nf5
{[%clk 0:00:16]} Na5 {[%clk 0:00:18]} 98. Ne7 {[%clk 0:00:17]} Nb3
{[%clk 0:00:17]} 99. Nf5 {[%clk 0:00:14]} Nd4 {[%clk 0:00:16]} 100. Ne7
{[%clk 0:00:15]} Ne6 {[%clk 0:00:17]} 101. Nf5 {[%clk 0:00:15]} Kc6
{[%clk 0:00:16]} 102. Ne7+ {[%clk 0:00:15]} Kd7 {[%clk 0:00:16]} 103. Nf5
{[%clk 0:00:16]} Nc5+ {[%clk 0:00:17]} 104. Ke3 {[%clk 0:00:16]} Ke6
{[%clk 0:00:17]} 105. Ng3 {[%clk 0:00:15]} Kf6 {[%clk 0:00:18]} 106. Ne2
{[%clk 0:00:15]} Kg5 {[%clk 0:00:18]} 107. Nc3 {[%clk 0:00:16]} Kf6
{[%clk 0:00:11]} 108. Ne2 {[%clk 0:00:17]} Ne6 {[%clk 0:00:12]} 109. Nc3
{[%clk 0:00:17]} Nf4 {[%clk 0:00:13]} 110. Nb5 {[%clk 0:00:17]} Ke7
{[%clk 0:00:14]} 111. Nc3 {[%clk 0:00:18]} Ke6 {[%clk 0:00:15]} 112. Nb5
{[%clk 0:00:19]} Kd7 {[%clk 0:00:14]} 113. Na3 {[%clk 0:00:15]} Kc6
{[%clk 0:00:15]} 114. Nc4 {[%clk 0:00:11]} Ne6 {[%clk 0:00:15]} 115. Kd3
{[%clk 0:00:08]} Kc5 {[%clk 0:00:13]} 116. Ne3 {[%clk 0:00:05]} Nf4+
{[%clk 0:00:14]} 117. Kc3 {[%clk 0:00:06]} Ne2+ {[%clk 0:00:06]} 118. Kd3
{[%clk 0:00:08]} Nc1+ {[%clk 0:00:07]} 119. Kc3 {[%clk 0:00:09]} Na2+
{[%clk 0:00:07]} 120. Kd3 {[%clk 0:00:09]} Nb4+ {[%clk 0:00:07]} 121. Kc3
{[%clk 0:00:10]} Nc6 {[%clk 0:00:05]} 122. Nf5 {[%clk 0:00:09]} Nd4
{[%clk 0:00:05]} 123. Ne3 {[%clk 0:00:09]} Ne2+ {[%clk 0:00:06]} 124. Kd3
{[%clk 0:00:10]} Nf4+ {[%clk 0:00:05]} 125. Kc3 {[%clk 0:00:12]} Kc6
{[%clk 0:00:05]} 126. Kc4 {[%clk 0:00:12]} Ne6 {[%clk 0:00:05]} 127. Ng4
{[%clk 0:00:08]} Nc5 {[%clk 0:00:06]} 128. Nf6 {[%clk 0:00:09]} Nb7
{[%clk 0:00:04]} 129. Kd3 {[%clk 0:00:06]} Nd8 {[%clk 0:00:06]} 130. Nd5
{[%clk 0:00:07]} Kc5 {[%clk 0:00:07]} 131. Ne7 {[%clk 0:00:05]} Nc6
{[%clk 0:00:08]} 132. Nf5 {[%clk 0:00:05]} Nd4 {[%clk 0:00:09]} 133. Ne7
{[%clk 0:00:05]} Nc6 {[%clk 0:00:10]} 134. Nf5 {[%clk 0:00:06]} Nb4+
{[%clk 0:00:12]} 135. Kc3 {[%clk 0:00:07]} Na6 {[%clk 0:00:07]} 136. Kd3
{[%clk 0:00:07]} Nc7 {[%clk 0:00:09]} 137. Kc3 {[%clk 0:00:08]} Ne8
{[%clk 0:00:09]} 138. Ne7 {[%clk 0:00:07]} Nf6 {[%clk 0:00:10]} 139. Kd3
{[%clk 0:00:08]} Kb4 {[%clk 0:00:10]} 140. Nc8 {[%clk 0:00:08]} Ne8
{[%clk 0:00:09]} 141. Ne7 {[%clk 0:00:08]} Kc5 {[%clk 0:00:10]} 142. Nf5
{[%clk 0:00:09]} Nc7 {[%clk 0:00:10]} 143. Ne7 {[%clk 0:00:09]} Ne6
{[%clk 0:00:11]} 144. Nf5 {[%clk 0:00:08]} Kc6 {[%clk 0:00:10]} 145. Ne7+
{[%clk 0:00:08]} Kd7 {[%clk 0:00:12]} 146. Nf5 {[%clk 0:00:09]} Nc5+
{[%clk 0:00:13]} 147. Ke3 {[%clk 0:00:10]} Ke6 {[%clk 0:00:13]} 148. Ng3
{[%clk 0:00:10]} Nd7 {[%clk 0:00:13]} 149. Ne2 {[%clk 0:00:10]} Nf6
{[%clk 0:00:14]} 150. Nc3 {[%clk 0:00:11]} Kd7 {[%clk 0:00:15]} 151. Kd3
{[%clk 0:00:10]} Kc6 {[%clk 0:00:16]} 152. Nd1 {[%clk 0:00:10]} Ng4
{[%clk 0:00:16]} 153. Nc3 {[%clk 0:00:09]} Kc5 {[%clk 0:00:16]} 154. Nd5
{[%clk 0:00:07]} Nf2+ {[%clk 0:00:13]} 155. Ke3 {[%clk 0:00:08]} Nd1+
{[%clk 0:00:14]} 156. Kd3 {[%clk 0:00:09]} Nb2+ {[%clk 0:00:12]} 157. Ke3
{[%clk 0:00:09]} Na4 {[%clk 0:00:12]} 158. Ne7 {[%clk 0:00:10]} Nb6
{[%clk 0:00:11]} 159. Kd3 {[%clk 0:00:09]} Nd7 {[%clk 0:00:10]} 160. Nd5
{[%clk 0:00:08]} Kb5 {[%clk 0:00:09]} 161. Ne7 {[%clk 0:00:08]} Nf6
{[%clk 0:00:09]} 162. Nf5 {[%clk 0:00:07]} Kc5 {[%clk 0:00:10]} 163. Ne7
{[%clk 0:00:08]} Nh5 {[%clk 0:00:07]} 164. Nf5 {[%clk 0:00:08]} Nf4+
{[%clk 0:00:06]} 165. Ke3 {[%clk 0:00:09]} Ne6 {[%clk 0:00:06]} 166. Kd3
{[%clk 0:00:09]} Kc6 {[%clk 0:00:07]} 167. Ne7+ {[%clk 0:00:10]} Kd7
{[%clk 0:00:08]} 168. Nf5 {[%clk 0:00:10]} Nc5+ {[%clk 0:00:10]} 169. Ke3
{[%clk 0:00:12]} Ke6 {[%clk 0:00:10]} 170. Ng3 {[%clk 0:00:06]} Kf6
{[%clk 0:00:11]} 171. Ne2 {[%clk 0:00:07]} Kg5 {[%clk 0:00:11]} 172. Nc3
{[%clk 0:00:08]} Kg4 {[%clk 0:00:11]} 173. Nb5 {[%clk 0:00:09]} Nb7
{[%clk 0:00:12]} 174. Nc7 {[%clk 0:00:09]} Kg3 {[%clk 0:00:12]} 175. Ne8
{[%clk 0:00:09]} Kg2 {[%clk 0:00:12]} 176. Nc7 {[%clk 0:00:07]} Kf1
{[%clk 0:00:12]} 177. Ne8 {[%clk 0:00:08]} Ke1 {[%clk 0:00:13]} 178. Nc7
{[%clk 0:00:07]} Kd1 {[%clk 0:00:12]} 179. Kd3 {[%clk 0:00:04]} Nc5+
{[%clk 0:00:13]} 180. Kc4 {[%clk 0:00:04]} Nxe4 {[%clk 0:00:09]} 181. Kd5
{[%clk 0:00:05]} Nc3+ {[%clk 0:00:07]} 182. Kxd6 {[%clk 0:00:05]} e4
{[%clk 0:00:08]} 183. Ne6 {[%clk 0:00:06]} e3 {[%clk 0:00:09]} 184. Nf4
{[%clk 0:00:08]} Kd2 {[%clk 0:00:04]} 185. Ke5 {[%clk 0:00:08]} Nb5
{[%clk 0:00:04]} 186. Ke4 {[%clk 0:00:06]} Nd6+ {[%clk 0:00:04]} 187. Kf3
{[%clk 0:00:06]} Nc4 {[%clk 0:00:06]} 188. Ke4 {[%clk 0:00:04]} Nd6+
{[%clk 0:00:07]} 189. Kf3 {[%clk 0:00:05]} Nf5 {[%clk 0:00:09]} 190. Ke4
{[%clk 0:00:06]} Nh4 {[%clk 0:00:10]} 191. Kd4 {[%clk 0:00:06]} Kd1
{[%clk 0:00:09]} 192. Kxe3 {[%clk 0:00:07]} 1/2-1/2

[Event "Blitz 2018"]
[Site "Saint-Petersburg"]
[Date "2018.12.29"]
[Round "3"]
[Board "26"]
[White "Ponkratov Pavel (RUS)"]
[Black "Bocharov Dmitry (RUS)"]
[Result "1-0"]
[LiveChessVersion "1.4.8"]
[BlackElo "2517"]
[WhiteElo "2688"]

1. e4 {[%clk 0:03:02]} d6 {[%clk 0:03:03]} 2. d4 {[%clk 0:03:02]} Nf6
{[%clk 0:03:04]} 3. Nc3 {[%clk 0:03:04]} e5 {[%clk 0:03:04]} 4. dxe5
{[%clk 0:03:05]} dxe5 {[%clk 0:03:04]} 5. Qxd8+ {[%clk 0:03:06]} Kxd8
{[%clk 0:03:05]} 6. Bc4 {[%clk 0:03:07]} Ke8 {[%clk 0:03:05]} 7. f4
{[%clk 0:03:08]} Bb4 {[%clk 0:03:00]} 8. Bd3 {[%clk 0:03:08]} Nc6
{[%clk 0:02:37]} 9. Nf3 {[%clk 0:03:08]} Be6 {[%clk 0:02:33]} 10. Bd2
{[%clk 0:02:58]} exf4 {[%clk 0:02:31]} 11. Bxf4 {[%clk 0:02:40]} Rc8
{[%clk 0:02:28]} 12. Bd2 {[%clk 0:02:31]} Nd7 {[%clk 0:02:27]} 13. a3
{[%clk 0:02:32]} Bd6 {[%clk 0:02:20]} 14. Ng5 {[%clk 0:02:29]} Nde5
{[%clk 0:02:16]} 15. Nxe6 {[%clk 0:02:20]} fxe6 {[%clk 0:02:17]} 16. Be2
{[%clk 0:02:13]} Nd4 {[%clk 0:01:48]} 17. O-O-O {[%clk 0:02:11]} Nxe2+
{[%clk 0:01:40]} 18. Nxe2 {[%clk 0:02:11]} Rf8 {[%clk 0:01:34]} 19. Nd4
{[%clk 0:01:58]} Ke7 {[%clk 0:01:17]} 20. Nb5 {[%clk 0:01:31]} a6
{[%clk 0:01:17]} 21. Nxd6 {[%clk 0:01:11]} cxd6 {[%clk 0:01:17]} 22. Bb4
{[%clk 0:00:58]} Rc6 {[%clk 0:01:05]} 23. Rd2 {[%clk 0:00:56]} Nc4
{[%clk 0:01:01]} 24. Re2 {[%clk 0:00:57]} e5 {[%clk 0:00:55]} 25. Rd1
{[%clk 0:00:46]} Ke6 {[%clk 0:00:53]} 26. a4 {[%clk 0:00:46]} Rfc8
{[%clk 0:00:14]} 27. a5 {[%clk 0:00:44]} b6 {[%clk 0:00:13]} 28. axb6
{[%clk 0:00:40]} Rxb6 {[%clk 0:00:14]} 29. Bc3 {[%clk 0:00:41]} Rbc6
{[%clk 0:00:14]} 30. Be1 {[%clk 0:00:40]} a5 {[%clk 0:00:13]} 31. b3
{[%clk 0:00:40]} Na3 {[%clk 0:00:10]} 32. c4 {[%clk 0:00:31]} Rb8
{[%clk 0:00:11]} 33. Rd3 {[%clk 0:00:24]} a4 {[%clk 0:00:10]} 34. Ra2
{[%clk 0:00:25]} Nb5 {[%clk 0:00:11]} 35. Rxa4 {[%clk 0:00:25]} Nd4
{[%clk 0:00:12]} 36. Kb2 {[%clk 0:00:25]} Rc7 {[%clk 0:00:10]} 37. Bf2
{[%clk 0:00:24]} Nc6 {[%clk 0:00:10]} 38. Ra6 {[%clk 0:00:23]} Rbc8
{[%clk 0:00:07]} 39. Be1 {[%clk 0:00:23]} Rb7 {[%clk 0:00:07]} 40. Bc3
{[%clk 0:00:17]} Rf7 {[%clk 0:00:09]} 41. Rd2 {[%clk 0:00:18]} Kd7
{[%clk 0:00:08]} 42. b4 {[%clk 0:00:19]} Ke6 {[%clk 0:00:03]} 43. b5
{[%clk 0:00:20]} Nd4 {[%clk 0:00:04]} 44. Bxd4 {[%clk 0:00:21]} exd4
{[%clk 0:00:05]} 45. Rxd4 {[%clk 0:00:21]} Ke5 {[%clk 0:00:04]} 46. Raxd6
{[%clk 0:00:21]} Rf2+ {[%clk 0:00:05]} 47. Kb3 {[%clk 0:00:21]} Rxg2
{[%clk 0:00:06]} 48. R6d5+ {[%clk 0:00:22]} Ke6 {[%clk 0:00:06]} 49. h4
{[%clk 0:00:23]} Rf8 {[%clk 0:00:06]} 50. Rd3 {[%clk 0:00:21]} Rf1
{[%clk 0:00:07]} 51. Kb4 {[%clk 0:00:23]} Re2 {[%clk 0:00:07]} 52. e5
{[%clk 0:00:17]} Rc2 {[%clk 0:00:05]} 53. Kc5 {[%clk 0:00:17]} Rf4
{[%clk 0:00:04]} 54. R3d4 {[%clk 0:00:18]} Rf8 {[%clk 0:00:06]} 55. Rd6+
{[%clk 0:00:11]} Kxe5 {[%clk 0:00:07]} 56. R4d5+ {[%clk 0:00:13]} Ke4
{[%clk 0:00:07]} 57. Rc6 {[%clk 0:00:09]} Rf4 {[%clk 0:00:05]} 58. Rd7
{[%clk 0:00:09]} Kf3 {[%clk 0:00:06]} 59. Rd4 {[%clk 0:00:08]} Rf5+
{[%clk 0:00:07]} 60. Kb6 {[%clk 0:00:08]} g5 {[%clk 0:00:05]} 61. hxg5
{[%clk 0:00:08]} Rxg5 {[%clk 0:00:05]} 62. Rh4 {[%clk 0:00:10]} Rg4 63. Rch6
{[%clk 0:00:10]} Rcxc4 {[%clk 0:00:08]} 64. R6h5 {[%clk 0:00:11]} 1-0

[Event "Blitz 2018"]
[Site "Saint-Petersburg"]
[Date "2018.12.29"]
[Round "3"]
[Board "27"]
[White "Vallejo Pons Francisco (ESP)"]
[Black "Drygalov Sergey (RUS)"]
[Result "1-0"]
[LiveChessVersion "1.4.8"]
[BlackElo "2428"]
[WhiteElo "2673"]

1. d4 {[%clk 0:03:03]} Nf6 {[%clk 0:03:03]} 2. c4 {[%clk 0:03:04]} e6
{[%clk 0:03:04]} 3. Nc3 {[%clk 0:03:05]} d5 {[%clk 0:03:02]} 4. Bg5
{[%clk 0:03:05]} Be7 {[%clk 0:02:59]} 5. e3 {[%clk 0:03:06]} O-O {[%clk 0:02:55]}
6. Nf3 {[%clk 0:03:07]} h6 {[%clk 0:02:38]} 7. Bxf6 {[%clk 0:03:07]} Bxf6 8. Qd2
a6 {[%clk 0:02:29]} 9. Rd1 {[%clk 0:03:07]} Be7 {[%clk 0:02:04]} 10. cxd5
{[%clk 0:02:46]} exd5 {[%clk 0:02:05]} 11. Bd3 {[%clk 0:02:47]} c6
{[%clk 0:02:02]} 12. O-O {[%clk 0:02:35]} Nd7 {[%clk 0:02:04]} 13. Bb1
{[%clk 0:02:33]} Re8 {[%clk 0:01:47]} 14. Qc2 {[%clk 0:02:22]} Nf8
{[%clk 0:01:46]} 15. Ne5 {[%clk 0:02:09]} Bd6 {[%clk 0:00:47]} 16. f4
{[%clk 0:02:10]} f6 {[%clk 0:00:48]} 17. Rf3 {[%clk 0:02:11]} Bxe5
{[%clk 0:00:37]} 18. fxe5 {[%clk 0:00:44]} Bg4 {[%clk 0:00:39]} 19. exf6
{[%clk 0:00:25]} Bxf3 {[%clk 0:00:40]} 20. fxg7 {[%clk 0:00:19]} Bxd1
{[%clk 0:00:25]} 21. gxf8=Q+ {[%clk 0:00:17]} Kxf8 {[%clk 0:00:24]} 22. Qf5+
{[%clk 0:00:18]} Ke7 {[%clk 0:00:15]} 23. Qe5+ {[%clk 0:00:18]} Kf7
{[%clk 0:00:13]} 24. Qf5+ {[%clk 0:00:13]} Qf6 {[%clk 0:00:10]} 25. Qh7+
{[%clk 0:00:13]} Kf8 {[%clk 0:00:09]} 26. Nxd1 {[%clk 0:00:13]} Re7
{[%clk 0:00:07]} 27. Qc2 {[%clk 0:00:13]} Kg8 {[%clk 0:00:08]} 28. Qe2
{[%clk 0:00:11]} Rf8 {[%clk 0:00:09]} 29. g4 {[%clk 0:00:11]} Qg5
{[%clk 0:00:10]} 30. h3 {[%clk 0:00:09]} h5 {[%clk 0:00:11]} 31. Kg2
{[%clk 0:00:10]} hxg4 {[%clk 0:00:12]} 32. hxg4 {[%clk 0:00:11]} Ref7
{[%clk 0:00:12]} 33. Kg3 {[%clk 0:00:10]} Rf3+ {[%clk 0:00:08]} 34. Qxf3
{[%clk 0:00:11]} Rxf3+ {[%clk 0:00:10]} 35. Kxf3 {[%clk 0:00:12]} Qe7
{[%clk 0:00:11]} 36. a3 {[%clk 0:00:11]} b5 {[%clk 0:00:06]} 37. Nf2
{[%clk 0:00:10]} b4 {[%clk 0:00:07]} 38. axb4 {[%clk 0:00:09]} Qxb4
{[%clk 0:00:08]} 39. g5 {[%clk 0:00:09]} Qxb2 {[%clk 0:00:09]} 40. Bf5
{[%clk 0:00:10]} a5 {[%clk 0:00:09]} 41. Ng4 {[%clk 0:00:09]} a4 {[%clk 0:00:09]}
42. Nf6+ {[%clk 0:00:09]} Kf7 {[%clk 0:00:10]} 43. Nh5 {[%clk 0:00:09]} Qc1
{[%clk 0:00:10]} 44. g6+ {[%clk 0:00:10]} Ke7 {[%clk 0:00:11]} 45. g7
{[%clk 0:00:10]} Qg1 {[%clk 0:00:05]} 46. Bh7 {[%clk 0:00:08]} Qd1+
{[%clk 0:00:05]} 47. Kf4 {[%clk 0:00:08]} Qxh5 {[%clk 0:00:04]} 48. g8=Q
{[%clk 0:00:09]} a3 {[%clk 0:00:05]} 49. Qg7+ {[%clk 0:00:09]} Kd8
{[%clk 0:00:05]} 50. Qg8+ {[%clk 0:00:09]} Kc7 {[%clk 0:00:05]} 51. Qf8
{[%clk 0:00:09]} Kb6 {[%clk 0:00:05]} 52. Qb4+ {[%clk 0:00:09]} Kc7
{[%clk 0:00:06]} 53. Qxa3 {[%clk 0:00:09]} Qh4+ {[%clk 0:00:05]} 54. Kf3
{[%clk 0:00:07]} Qh3+ {[%clk 0:00:06]} 55. Ke2 {[%clk 0:00:08]} Qh2+
{[%clk 0:00:07]} 56. Kd1 {[%clk 0:00:08]} Qg1+ {[%clk 0:00:06]} 57. Kc2
{[%clk 0:00:08]} Qf2+ {[%clk 0:00:05]} 58. Kb1 {[%clk 0:00:07]} Qe1+
{[%clk 0:00:05]} 59. Kb2 {[%clk 0:00:07]} Qd2+ {[%clk 0:00:04]} 60. Bc2
{[%clk 0:00:09]} Kd7 {[%clk 0:00:04]} 61. Qa7+ {[%clk 0:00:10]} Kd6
{[%clk 0:00:05]} 62. Qc5+ Kd7 63. Qc3 {[%clk 0:00:12]} Qe2 {[%clk 0:00:08]} 64.
Qd3 {[%clk 0:00:14]} Qg2 {[%clk 0:00:08]} 65. Qh7+ {[%clk 0:00:15]} Kc8
{[%clk 0:00:08]} 66. Qg6 {[%clk 0:00:15]} Qd2 {[%clk 0:00:07]} 1-0